Quizzes
Events
Quiz Creation
Community
Videos
Private Events
Remove Ads
Sign In
Join for FREE
Feedback
Dark Mode
Quiz Categories
Sports
Geography
Music
Movies
Television
Just For Fun
Miscellaneous
History
Literature
Language
Science
Gaming
Entertainment
Religion
Holiday
For Kids
Quiz Lab
Recent
Popular Today
Quiz Kudos Today
Editor Picks
Curator Picks
Quizzes by...
Day
Popularity
Type
Ratings
Length
Year
Community
Subscriptions
Recent Discussions
Orange Saloon
Badges
Playlists
Quests
Create
Leaderboards
Showdown
Live 5
Trivia Bingo
Activity
Puzzle Library
Sporcle Events
Private Events
Virtual Trivia
Globe League
Become a Host
Pub Owners
SporcleCon
Opinionation
Our Games
Videos
Blog
Mobile Apps
Partnerships
Remove Ads and Go Orange
Feedback
Sports
Athletes
MLB
NBA
NHL
NFL
Soccer
Sports Teams
WWE
NCAA
Football
Premier League
Basketball
Baseball
Hockey
Golf
Tennis
Cricket
Rugby
Auto Racing
Olympics
World Cup
Sports
Athletes
MLB
NBA
NHL
NFL
Soccer
Sports Teams
WWE
NCAA
Football
Premier League
Basketball
Baseball
Hockey
Golf
Tennis
Cricket
Rugby
Auto Racing
Olympics
World Cup
Random Quiz
Search Sporcle
×
Quiz Lab
Quiz Lab
Sports
Hockey
Type in answers that appear in a list
Type in answers that appear in a list
Classic
Best Score? Go Orange.
Top 200 NHL fantasy rankings 2018-19 Stats
Can you name the Top 200 NHL palyers according to ESPN for the 2018-19?
By
catch6229
20m
200 Questions
616 Plays
616 Plays
616 Plays
Comments
Comments
Give Quiz Kudos
Give Quiz Kudos
-
- Ratings
hide this ad
Replay
Link that replays current quiz
Next Quiz
Link to next quiz in quiz playlist
You Got
0%
They Got
Avg Score
66%
Avg Friend Score
Upgrade to see
Score Distribution
Jump to the score distribution portion of the page
Score
0/200
Timer
20:00
0
Plays Today
Hint
Answer
% Correct
EDM
Connor McDavid
97.7%
PIT
Sidney Crosby
97.2%
WSH
Alex Ovechkin
96.2%
TOR
Auston Matthews
96.1%
TB
Nikita Kucherov
95.6%
CHI
Patrick Kane
95.3%
SJ
Evander Kane
95.3%
TOR
John Tavares
95.1%
BOS
Brad Marchand
95.1%
PIT
Evgeni Malkin
94.9%
TB
Steven Stamkos
94.4%
DAL
Tyler Seguin
93.8%
COL
Nathan MacKinnon
93.6%
WPG
Blake Wheeler
93.6%
PHI
Claude Giroux
93.6%
DAL
Jamie Benn
92.6%
NJ
Taylor Hall
91.8%
TB
Victor Hedman
90.5%
NSH
Filip Forsberg
90.2%
SJ
Brent Burns
89.5%
OTT
Erik Karlsson
89.5%
VGS
William Karlsson
89.5%
WPG
Patrik Laine
89.2%
TOR
Mitch Marner
88.5%
BOS
David Pastrnak
87.7%
WSH
Nicklas Backstrom
87.1%
NSH
P.K. Subban
86.7%
CBJ
Sergei Bobrovsky
85.9%
LA
Anze Kopitar
85.4%
FLA
Aleksander Barkov
85.4%
STL
Vladimir Tarasenko
85.4%
TB
Andrei Vasilevskiy
85.3%
WSH
Braden Holtby
85.3%
CBJ
Seth Jones
84.9%
SJ
Martin Jones
84.8%
CBJ
Artemi Panarin
84.6%
WSH
Evgeny Kuznetsov
84.1%
ANA
Ryan Getzlaf
84.1%
NSH
Roman Josi
84%
PIT
Phil Kessel
83.8%
BOS
Patrice Bergeron
83.8%
LA
Drew Doughty
83.8%
VGS
Marc-Andre Fleury
83.6%
NYI
Mathew Barzal
83.3%
NSH
Pekka Rinne
83.1%
PIT
Kris Letang
83%
LA
Jonathan Quick
82.2%
COL
Gabriel Landeskog
82.2%
PHI
Jakub Voracek
82%
CHI
Jonathan Toews
82%
BUF
Jack Eichel
81.7%
SJ
Joe Pavelski
81.5%
WSH
John Carlson
80.7%
CGY
Johnny Gaudreau
80.5%
WPG
Mark Scheifele
79.2%
COL
Mikko Rantanen
78.9%
TB
Brayden Point
78.7%
DAL
John Klingberg
78.6%
CAR
Sebastian Aho
78.2%
EDM
Leon Draisaitl
77.1%
MIN
Eric Staal
76.6%
VGS
Reilly Smith
76.4%
NSH
Craig Smith
76.4%
VGS
Jonathan Marchessault
76.3%
ANA
John Gibson
76.3%
ANA
Corey Perry
75.8%
WPG
Dustin Byfuglien
75.6%
Hint
Answer
% Correct
BOS
Tuukka Rask
74.5%
TOR
Frederik Andersen
74.5%
FLA
Aaron Ekblad
74.5%
TOR
William Nylander
74.1%
NSH
Ryan Johansen
73.8%
MIN
Ryan Suter
73.6%
PIT
Matt Murray
73.5%
WPG
Connor Hellebuyck
73.3%
DAL
Ben Bishop
73.2%
CGY
Sean Monahan
73.2%
STL
Ryan O'Reilly
72.7%
DAL
Alexander Radulov
72%
STL
Brayden Schenn
71.7%
MTL
Carey Price
71.7%
STL
Alex Pietrangelo
71.4%
ANA
Rickard Rakell
71.2%
FLA
Jonathan Huberdeau
70.7%
PHI
Shayne Gostisbehere
70.5%
TOR
Morgan Rielly
70.5%
VAN
Brock Boeser
70.4%
BUF
Jeff Skinner
70.4%
WSH
T.J. Oshie
70%
SJ
Joe Thornton
69.9%
TB
Tyler Johnson
69.9%
PHI
Wayne Simmonds
69.7%
SJ
Logan Couture
69.4%
NYI
Anders Lee
69.1%
DET
Dylan Larkin
68.9%
CHI
Duncan Keith
68.1%
COL
Tyson Barrie
67.9%
CBJ
Cam Atkinson
67.6%
MIN
Mikael Granlund
67.3%
FLA
Vincent Trocheck
66.4%
WPG
Nikolaj Ehlers
66.4%
MIN
Devan Dubnyk
66.4%
CGY
Mark Giordano
66.1%
CBJ
Zach Werenski
66%
LA
Dustin Brown
65.8%
OTT
Mark Stone
65.8%
BOS
Torey Krug
65.6%
NSH
Viktor Arvidsson
65.1%
NSH
Ryan Ellis
65.1%
PHI
Sean Couturier
64.6%
MTL
Max Domi
64.5%
MTL
Max Pacioretty
63.5%
CHI
Alex DeBrincat
63%
LA
Jeff Carter
62.7%
TOR
Nazem Kadri
62.4%
NJ
Nico Hischier
62.2%
ARI
Clayton Keller
62%
CHI
Corey Crawford
62%
CAR
Dougie Hamilton
61.9%
TB
J.T. Miller
61.9%
PIT
Jake Guentzel
61.9%
FLA
Keith Yandle
61.7%
BOS
Charlie McAvoy
60.9%
TOR
Patrick Marleau
60.9%
FLA
Mike Hoffman
59.9%
CAR
Teuvo Teravainen
59.6%
MIN
Matt Dumba
59.4%
WPG
Kyle Connor
59.1%
STL
Jake Allen
59.1%
NYR
Mats Zuccarello
58.9%
VAN
Bo Horvat
58.9%
NYI
Josh Bailey
58.8%
CGY
Matthew Tkachuk
57.4%
STL
Jaden Schwartz
57.3%
Hint
Answer
% Correct
BUF
Rasmus Ristolainen
57.1%
SJ
Tomas Hertl
57.1%
MIN
Mikko Koivu
56.8%
PHI
Ivan Provorov
56.3%
CBJ
Nick Foligno
55.8%
MIN
Jason Zucker
55.5%
PIT
Patric Hornqvist
55.5%
NJ
Kyle Palmieri
55.5%
WSH
Tom Wilson
54.2%
LA
Jake Muzzin
54.2%
ARI
Alex Galchenyuk
53.8%
EDM
Cam Talbot
53.4%
LA
Ilya Kovalchuk
52.9%
MTL
Brendan Gallagher
52.7%
NYR
Mika Zibanejad
52%
NYI
Jordan Eberle
52%
FLA
Evgenii Dadonov
51.4%
BUF
Sam Reinhart
51.4%
CBJ
Josh Anderson
51.4%
CBJ
Pierre-Luc Dubois
51.2%
TB
Yanni Gourde
51.1%
LA
Tyler Toffoli
50.9%
ARI
Oliver Ekman Larsson
50.4%
CAR
Justin Williams
49.6%
STL
Colton Parayko
49.6%
NSH
Kyle Turris
49.4%
ARI
Derek Stepan
49.3%
DET
Henrik Zetterberg
48.9%
TB
Mikhail Sergachev
48.9%
VAN
Elias Pettersson
48.8%
NYR
Chris Kreider
48.6%
DET
Anthony Mantha
48.4%
TOR
Jake Gardiner
48.4%
ANA
Jakob Silfverberg
48%
NSH
Kevin Fiala
47.8%
CAR
Andrei Svechnikov
47.6%
MIN
Nino Niederreiter
47.6%
WPG
Bryan Little
47.6%
PHI
Travis Konecny
47.3%
NYR
Kevin Shattenkirk
44.2%
BOS
Jake DeBrusk
44.2%
CHI
Nick Schmaltz
44%
SJ
Timo Meier
44%
MTL
Jonathan Drouin
43.2%
BUF
Carter Hutton
43%
CGY
Mikael Backlund
42.2%
TOR
Zach Hyman
42.1%
WSH
Dmitry Orlov
41.9%
PIT
Justin Schultz
41.7%
WPG
Tyler Myers
39.9%
NJ
Sami Vatanen
39.8%
TB
Alex Killorn
39.6%
PHI
James van Riemsdyk
38.8%
NYR
Kevin Hayes
38%
FLA
Nick Bjugstad
36.7%
NJ
Will Butcher
35.4%
EDM
Ryan Nugent Hopkins
34.9%
PIT
Derick Brassard
34.9%
ANA
Brandon Montour
34.4%
ANA
Josh Manson
33.1%
BUF
Casey Mittelstadt
31.1%
DAL
Esa Lindell
28%
NJ
Patrick Maroon
27.7%
NYR
Vladislav Namestnikov
25.9%
SJ
Kevin Labanc
24.5%
NSH
Austin Watson
23.9%
Quiz Playlist
Details
Report
Send in Message
Add To Playlist
Classic:
Type in answers that appear in a list
Last Updated: Aug 8, 2018
Quiz Scoreboard
CHALLENGE
Sign Up to Join the Scoreboard
Show All
Scores
Hide
Comments
May contain spoilers
Recently Published
Movies - When Are They Set?
by FPL_Elf
Movies
5m
Popular People in 1961
by mucciniale
History
6m
1-10 Letter E Words III
by El_Dandy
Language
2m
More to Explore
Quiz From the Vault
Featured Blog Post
Where Did the Easter Bunny Come From?
hide this ad
You Might Also Like...
Tags
Hockey Quiz
NHL Quiz
Mens Hockey
NHL Player
NHL Points
Today's Top Quizzes in Sports
Browse Sports
hide this ad
Today's Top Quizzes in Hockey
Browse Hockey
Top Contributed Quizzes in Sports
1
Les meilleurs buteurs des matchs entre le PSG et l’OM
2
FIFA Club World Cup Champions
3
Les entraîneurs de l'OM et du PSG au 21e siècle
4
2022 World Cup Stars
5
Name the Premier League winners with different clubs
6
La finale Lions - Afrique du Sud 2021
7
Criteria MLB: Left Handed Sluggers
8
Les joueurs passés par le LOSC et le RC Lens
9
Players with Multiple 50 Home Run Seasons
10
MLB Players with Two .350 Batting Average Seasons
Explore More
Trending Topics
Kpop
Marvel
Harry Potter
NBA
Anime
Crossword
Disney
Puzzle
Song
NFL
Pokémon
Soccer
WWE
Country
The Office
hide this ad
More By:
catch6229
Quiz
Plays
Rating
Category
Featured
Created
Top 200 NHL fantasy rankings 2018-19
616
3.67
Sports
Aug 8, 2018
Top 100 cities - 2017 census
451
4.67
Geography
Jun 22, 2018
Growing Cities since 2010 Census, through 2018
132
5.00
Geography
Jun 25, 2018
Go to Creator's Profile
Score Distribution
Quiz Creator Spotlight
catch6229
Follow
Send a Message
Quizzes Created
-
Created Quiz Play Count
-
More By This Creator
Popular Quizzes Today
1
Find the Countries of Europe - No Outlines Minefield
2
Find the US States - No Outlines Minefield
3
The Countries of the World
4
Popular People in 1961
5
1-10 Letter E Words III
6
US States
7
Find the US States
8
One Thing in Common: World Cities II
More Sports Quizzes
I won the Europa League with 2 different clubs
Quiz Lab
Trending Quizzes
Risky Map Clicking: Least Populous States A-Z
Humor Books: The Subtitles
1-10 Letter F Words
1-10 Letter G Words
One Thing in Common: United Kingdom
Recently Updated
Leaping Animals
pecheneg
Reality TV Shows (A-Z)
bhenderson79
Rickey Henderson's Hall of Fame Teammates
pecheneg
Champions League XIs: Arsenal
pecheneg
Quick Pick: Celebrities in WWE's Hall of Fame
aduchscher
A-Z Keypad Blitz II
pecheneg
Multiple Oscar Actors
pecheneg
Mystery Phrase Blitz: Oscar 'Best Actors'
pecheneg
F. Scott Fitzgerald Novels
LTH
Pick 3 Villains
ddd62291
Trending Topics
Harry Potter
Anime
Disney
Marvel
Crossword
Kpop
NBA
Country
Puzzle
NFL
WWE
Soccer
Song
Pokémon
The Office
Your Account Isn't Verified!
In order to create a playlist on Sporcle, you need to verify the email address you used during registration. Go to your
Sporcle Settings
to finish the process.
Report this User
Report this user for behavior that violates our
Community Guidelines
.
Details:
Send Report
Go to the Sporcle.com Mobile Site →
Comments